| 000 | 01455cam a22003977a 4500 | ||
|---|---|---|---|
| 003 | CHAP | ||
| 005 | 20220817043633.0 | ||
| 008 | 000314d1999 lk r 00110 spa d | ||
| 010 | _a80316 | ||
| 011 | _a81288 | ||
| 020 | _a9290903813 | ||
| 035 | _a91755 | ||
| 040 | _cCHAP | ||
| 090 | _aFolleto 15691 | ||
| 100 | 0 | 0 | _aVermillion, Douglas L. |
| 245 | 1 | 0 |
_aImpactos del actual programa de transferencia del manejo de la irrigación en Colombia _c/por Douglas L. Vermillion y Carlos Garcés Restrepo |
| 260 |
_aColombo, Sri Lanka : _bInstituto Internacional del Manejo del Agua, _c1999. |
||
| 300 |
_a41 p. : _bmapas ; gráfs. |
||
| 410 | 2 | _aInstituto Internacional del Manejo del Agua | |
| 490 | 0 |
_aInforme de investigación _v; 25 |
|
| 590 |
_aBATCH-UPD _b10 _c20130110 _lUCH01 _h0137 |
||
| 590 |
_aBATCH-UPD _b10 _c20130110 _lUCH01 _h0804 |
||
| 590 |
_aBATCH-UPD _b10 _c20130409 _lUCH01 _h2134 |
||
| 590 |
_aBATCH-UPD _b10 _c20130410 _lUCH01 _h0756 |
||
| 590 |
_aBATCH-UPD _b10 _c20130914 _lUCH01 _h1527 |
||
| 590 |
_aCONVERSION _b10 _c20130109 _lUCH01 _h1345 |
||
| 650 | 1 | 4 |
_aAgua para irrigacion. _92430 |
| 650 | 1 | 4 |
_aIrrigación _xColombia. _960388 |
| 700 | 0 |
_aGarcés Restrepo, Carlos. _945666 |
|
| 810 | 0 | 0 |
_aInstituto Internacional del Manejo del Agua _959236 |
| 830 | 0 |
_aInforme de investigación _v; 25 _9175455 |
|
| 901 | _aBK | ||
| 905 | _aAlejandra Carrasco M. | ||
| 942 | _cFOLL | ||
| 949 |
_aFolleto 15691 _bBC _cFOLL _d917551 _eTS1 _i91755 _sb |
||
| 999 |
_c80316 _d80316 |
||